| Tag |
First Indicator |
Second Indicator |
Subfields |
| LEADER |
00000cam a22000008a 4500 |
| 001 |
in00001265713 |
| 005 |
20151003095030.0 |
| 008 |
950728s1995 gw a b 110 0 eng |
| 010 |
|
|
|a 95037623
|
| 020 |
|
|
|a 3540602593 (hard : alk. paper)
|
| 035 |
|
|
|a (OCoLC)32968558
|
| 035 |
|
|
|9 AGV8653AM
|
| 040 |
|
|
|a DLC
|c DLC
|d GZM
|d TXA
|d UtOrBLW
|
| 049 |
|
|
|a TXAM
|
| 050 |
0 |
0 |
|a QB460
|b .P48 1995
|
| 082 |
0 |
0 |
|a 523.8
|2 20
|
| 245 |
0 |
0 |
|a Physical processes in astrophysics :
|b proceedings of a meeting in honour of Evry Schatzman held in Paris, France, 22-24 September 1993 /
|c Ian W. Roxburgh, Jean-Louis Masnou (eds.).
|
| 264 |
|
1 |
|a Berlin ;
|a New York :
|b Springer,
|c [1995]
|
| 264 |
|
4 |
|c ©1995
|
| 300 |
|
|
|a xii, 249 pages :
|b illustrations ;
|c 24 cm.
|
| 336 |
|
|
|a text
|b txt
|2 rdacontent
|
| 337 |
|
|
|a unmediated
|b n
|2 rdamedia
|
| 338 |
|
|
|a volume
|b nc
|2 rdacarrier
|
| 490 |
1 |
|
|a Lecture notes in physics ;
|v 458
|
| 504 |
|
|
|a Includes bibliographical references.
|
| 650 |
|
0 |
|a Astrophysics
|v Congresses.
|
| 600 |
1 |
0 |
|a Schatzman, Evry L.
|
| 700 |
1 |
|
|a Roxburgh, Ian W.,
|d 1939-
|
| 700 |
1 |
|
|a Masnou, Jean-Louis,
|d 1939-
|
| 700 |
1 |
|
|a Schatzman, Evry L.
|
| 830 |
|
0 |
|a Lecture notes in physics ;
|v 458.
|
| 999 |
|
|
|a MARS
|
| 999 |
f |
f |
|s 9311aa91-11d8-3b99-92b8-554909498cf7
|i 1c09b720-c5b7-36e7-ba60-6082f395024c
|t 0
|
| 952 |
f |
f |
|p ric
|a Texas A&M University
|b Rellis Campus
|c Joint Library Facility
|d Remote Storage
|t 0
|e QB460 .P48 1995
|h Library of Congress classification
|i unmediated -- volume
|m A14819517671
|
| 998 |
f |
f |
|a QB460 .P48 1995
|t 0
|l Remote Storage
|